Представление документа в формате RUSMARC

ПолеНазваниеЗначение
  Тип записи a
  Библиографический уровень m
001 Контрольный номер RU/УОНБ/EK_N/637413385
005 Дата корректировки 20240130235202.0
013 Номер (ISMN) __
d Цена 20 р.
071 Издательские номер (звукозапись и ноты) 21
a Номер, присвоенный агентством 2576
100 Данные общей обработки __
a Данные общей обработки 20200313d1998 u y0rusy0189||||ca
101 Язык документа 0_
a Язык текста rus
a Язык текста eng
f Язык титульного листа rus
f Язык титульного листа eng
102 Страна публикации __
a Страна публикации RU
105 Кодированные данные (монография) __
a Кодированные данные (монография) y###||||000|y
125 Кодированные данные звукозаписи и нотных изданий __
a Форма изложения нотного текста с|
128 Кодированные данные (звукозаписи-физические характеристики) __
a Кодированные данные: Музыкальная форма и тональность или лад ai
c Инструменты или голоса, рекомендуемые для солистов (устаревшее) ka||
200 Заглавие и сведения об ответственности 1_
a Заглавие Вып. 8
b Общее обозначение материала Ноты
f Первые сведения об ответственности перелож. Г. И. Фиртича
210 Выходные данные 1_
d Дата издания 1998
215 Физическое описание __
a Объем 22 c.
327 Примечание о содержании 11
a Примечание о содержании Содерж. : Морриконе Э. Chi Mai : из кф. "Профессионал". - Джон Э. The One. - Чаплин Ч. This is My Song. - Легран М. Watch What Happens. - Бетти А. C'est si bon. - Уорд С. О. America the Beautiful. - Луиги Л. Г. Cherry Pink and Apple-blossom White. - Паулс Р. Маэстро.
461 Уровень набора _0
1 001RU/УОНБ/EK_N/371918337
1 200
a Nostalgie
b [Ноты]
d [Ностальгия]
e попул. зарубеж. мелодии
e в легком перелож. для фп. (гитары)
v Вып. 8
1 210
a СПб.
c Композитор
d 1998
464 Аналитический уровень _0
1 2001
a Chi Mai
e из кф. "Профессионал"
1 700 1
a Морриконе
b Э.
1 50010
a Профессионал
464 Аналитический уровень _0
1 2001
a The One
1 700 1
a Джон
b Э.
464 Аналитический уровень _0
1 2001
a This is My Song
1 700 1
a Чаплин
b Ч.
464 Аналитический уровень _0
1 2001
a Watch What Happens
1 700 1
a Легран
b М.
464 Аналитический уровень _0
1 2001
a C'est si bon
1 700 1
a Бетти
b А.
464 Аналитический уровень _0
1 2001
a America the Beautiful
e Tune of the hymn Materna
1 700 1
a Уорд
b С. О.
464 Аналитический уровень _0
1 2001
a Cherry Pink and Apple-blossom White
1 700 1
a Луиги
b Л. Г.
464 Аналитический уровень _0
1 2001
a Маэстро
1 700 1
a Паулс
b Р.
512 Заглавие обложки 1_
a Заглавие обложки Nostalgie
606 Тематические рубрики 0_
a Основная рубрика Фортепианная музыка зарубежная
x Основная подрубрика Популярные мелодии
610 Ключевые слова 0_
a Ключевые слова фортепиано
610 Ключевые слова 0_
a Ключевые слова популярные мелодии
686 Индексы других классификаций __
a Классификационный индекс 85.954.2-052я43
2 Код системы rubbk
702 Вторичная интеллектуальная ответственность _1
a Фамилия Фиртич
b Имя (инициалы) Г. И.
4 Код отношения 030
801 Источник записи _0
a Страна RU
b Организация Ульяновская ОНБ
c Дата составления 20200313
g Правила каталогизации RCR
801 Источник записи _1
a Страна RU
b Организация IS
c Дата составления 20200313
g Правила каталогизации RCR
901 Тип документа __
t Тип документа n
w Контрольный № источника RU/УОНБ/EK_N/371918337
909 Создатель записи __
a Создатель записи Грязнова И. Е.
938 Служебная информация __
a Имя БД noti
b Имя библиотеки УОНБ
c Имя АИБС МАРК-SQL
d Номер DOC_ID в БД 22153